Traité général de la responsabilité ou de l'action en dommages-intérets en dehors des contrats

Saved in:
Bibliografiske detaljer
Hovedforfatter: Sourdat, M. A (Author)
Format: Bog
Sprog:fransk
Udgivet: París Marchal & Godde 1911
Udgivelse:6a. ed
Fag:
Tags: Tilføj Tag
Ingen Tags, Vær først til at tagge denne postø!

MARC

LEADER 00000nam a2200000 a 4500
001 UCS1331
003 CL-VaPUC
008 970509e19110000FR |||||||||||||||||fre|d
082 0 4 |a 345.04  |b SOU  |2 21 
100 0 |a Sourdat, M. A  |e author  |9 385695 
245 1 0 |a Traité général de la responsabilité ou de l'action en dommages-intérets en dehors des contrats 
250 |a 6a. ed 
300 |a 2 v 
942 |c BK 
945 |d 19970509 00:00:00  |a paguirre 
260 |a París  |b Marchal & Godde  |c 1911 
650 7 |a DERECHO PENAL  |2 CL-VaPUC  |9 11 
650 0 |a Responsabilidad penal  |9 254899 
650 0 |a Ley penal  |9 256611 
650 0 |a Delitos  |9 224143 
650 7 |a RESPONSABILIDAD CIVIL  |2 CL-VaPUC  |9 385696 
583 |a last modification  |c 19970509 00:00:00  |k Rodrigo Vera 
999 |c 259427  |d 259425 
952 |0 0  |1 0  |4 0  |6 345_040000000000000_SOU_1911  |7 0  |8 X  |9 284150  |a BIBDER  |b BIBDER  |d 2019-11-19  |h v.1  |i 1845233  |o 345.04 SOU 1911  |p 1845233  |r 2023-01-25  |w 2019-11-19  |y BK_X  |k DER 
952 |0 0  |1 0  |4 0  |6 345_040000000000000_SOU_1911  |7 0  |8 X  |9 284151  |a BIBDER  |b BIBDER  |d 2019-11-19  |h v.2  |i 1845241  |o 345.04 SOU 1911  |p 1845241  |r 2023-01-25  |w 2019-11-19  |y BK_X  |k DER